Our Lady of Fátima /

Como es sabido y de acuerdo con la tradición católica, el 13 de mayo de 1917, en Cova de Iria, zona rural de Portugal, se apareció la virgen a los pastores niños Lucía Santos y Francisco y Jacinta Marto; el hecho se repitió cinco veces en el mismo 1917. El presente libro hace una narración de tales...

Полное описание

Сохранить в:
Библиографические подробности
Главный автор: Walsh, William Thomas (autor)
Формат:
Язык:испанский
Опубликовано: Nueva York, EUA : Macmillan, 1949, c1947
Редактирование:9a edición
Предметы:
Метки: Добавить метку
Нет меток, Требуется 1-ая метка записи!

MARC

LEADER 00000nam^a2200000^a^4500
001 000182695
005 20250521000000.0
009 20260310102014.273
037 |a Acervo ITESO - Biblioteca 
041 |a ESP 
082 |a 232. 917  |b WAL 
100 |a Walsh, William Thomas  |e (autor) 
240 1 1 |a [Nuestra Señora de Fátima] 
245 1 0 |a Our Lady of Fátima /  |c T.W. Walsh. 
250 |a 9a edición 
264 4 |a Nueva York, EUA :  |b Macmillan,  |c 1949, c1947 
300 |a IX, 228 p. 
336 |a texto  |b txt  |2 rdacontenido 
337 |a sin mediación  |b n  |2 rdamedio 
338 |a volumen  |b nc  |2 rdasoporte 
520 |a Como es sabido y de acuerdo con la tradición católica, el 13 de mayo de 1917, en Cova de Iria, zona rural de Portugal, se apareció la virgen a los pastores niños Lucía Santos y Francisco y Jacinta Marto; el hecho se repitió cinco veces en el mismo 1917. El presente libro hace una narración de tales apariciones. 
649 |a XX 
650 |a Virgen de Fátima -  |x Apariciones y Milagros -  |x Historia 
650 |a Virgen de Fátima -  |z Portugal -  |x Culto -  |x Historia 
650 |a Virgen de Fátima -  |x Culto -  |x Historia 
650 |a Virgen María -  |x Apariciones y Milagros -  |x Historia 
650 |a Virgen María -  |x Culto -  |x Historia 
650 |a Culto Religioso -  |z Portugal -  |x Historia 
650 |a Iglesia Católica en Portugal -  |x Historia 
650 |a Catolicismo 
650 |a Cristianismo 
650 |a Religión 
650 |a Portugal -  |x Historia -  |y Siglo XX 
910 |a Fondo General 
920 |a Impresos - Libros 
930 |a Colección General 
905 |a 101 
901 |a 0500122708  |b IT1  |c ACC  |u 20250521 
902 |a https://opac.biblio.iteso.mx/vufind/Record/000182695